[Event "Skakligaen 2021-22"]
[Site "Denmark"]
[Date "2022.02.27"]
[Round "7.2"]
[White "Vasli, Aref"]
[Black "Matthiesen, Martin"]
[Result "0-1"]
[WhiteElo "2380"]
[BlackElo "2325"]
[PlyCount "100"]
[EventDate "2021.10.30"]
[EventType "team-tourn"]
[EventRounds "9"]
[EventCountry "DEN"]
[SourceTitle "Turneringssystemet"]
[WhiteTeam "Bronshoj"]
[BlackTeam "SK1968"]

1. Nf3 Nf6 2. d4 e6 3. Bf4 b6 4. e3 Bb7 5. Nbd2 Be7 6. h3 O-O 7. Bd3 c5 8. O-O
Ba6 9. Bxa6 Nxa6 10. a4 Nb4 11. Qb1 Nc6 12. c3 Rc8 13. Bh2 d6 14. Rd1 cxd4 15.
exd4 Na5 16. Qd3 Qc7 17. Ne1 Nc4 18. Nxc4 Qxc4 19. Qxc4 Rxc4 20. Nc2 Nd5 21. a5
Rb8 22. axb6 axb6 23. Na3 Rc6 24. Nb5 Bf8 25. Ra7 h6 26. Rda1 g6 27. R1a4 Rd8
28. Rb7 Be7 29. Na7 Ra8 30. Nxc6 Rxa4 31. Nxe7+ Nxe7 32. Bxd6 Nd5 33. Rb8+ Kg7
34. Be5+ f6 35. Rb7+ Kg8 36. Bd6 Ra1+ 37. Kh2 Rc1 38. Kg3 Rc2 39. Ba3 g5 40.
Kf3 Nxc3 41. Rxb6 Nd1 42. Rxe6 Rxf2+ 43. Kg3 Kf7 44. Re7+ Kg6 45. Rd7 f5 46. h4
f4+ 47. Kh3 Ne3 48. hxg5 hxg5 49. Re7 Rf1 50. Re6+ Kf7 0-1

[Event "Skakligaen 2021-22"]
[Site "Denmark"]
[Date "2022.02.27"]
[Round "7.3"]
[White "Matthiesen, Arne"]
[Black "Bromann, Thorbjorn"]
[Result "1/2-1/2"]
[WhiteElo "2312"]
[BlackElo "2374"]
[PlyCount "44"]
[EventDate "2021.10.30"]
[EventType "team-tourn"]
[EventRounds "9"]
[EventCountry "DEN"]
[SourceTitle "Turneringssystemet"]
[WhiteTeam "SK1968"]
[BlackTeam "Bronshoj"]

1. d4 e6 2. Nf3 Nf6 3. g3 b5 4. Bg2 Bb7 5. O-O c5 6. c3 Be7 7. Bg5 d6 8. dxc5
dxc5 9. Qxd8+ Bxd8 10. a4 b4 11. Nbd2 O-O 12. Nc4 Bd5 13. Nfe5 bxc3 14. bxc3
Ne4 15. Bxd8 Rxd8 16. Bxe4 Bxe4 17. f3 Bd5 18. e4 Bxc4 19. Nxc4 Nc6 20. Rfd1
Kf8 21. Kf2 Rab8 22. Rxd8+ Nxd8 1/2-1/2

[Event "Skakligaen 2021-22"]
[Site "Denmark"]
[Date "2022.02.27"]
[Round "7.4"]
[White "Hoi, Carsten"]
[Black "Rewitz, Poul"]
[Result "1/2-1/2"]
[WhiteElo "2348"]
[BlackElo "2264"]
[PlyCount "90"]
[EventDate "2021.10.30"]
[EventType "team-tourn"]
[EventRounds "9"]
[EventCountry "DEN"]
[SourceTitle "Turneringssystemet"]
[WhiteTeam "Bronshoj"]
[BlackTeam "SK1968"]

1. Nf3 g6 2. d4 Bg7 3. e4 c6 4. c4 d5 5. exd5 cxd5 6. Nc3 Nf6 7. cxd5 Nxd5 8.
Bc4 Nxc3 9. bxc3 O-O 10. Bf4 Nc6 11. O-O Bg4 12. Be2 Rc8 13. Rc1 Qa5 14. Qb3
Qf5 15. Bg3 Na5 16. Qb4 b6 17. Nh4 Qd7 18. Bxg4 Qxg4 19. Qxe7 Bh6 20. h3 Qh5
21. f4 Nc4 22. Rfe1 a5 23. Nf3 Qd5 24. Qe4 Qb5 25. Ne5 Nxe5 26. dxe5 Rc4 27.
Qf3 Qc6 28. Qg4 Qe6 29. Qf3 Rfc8 30. Kh2 R8c6 31. Red1 Qc8 32. Rd6 Bf8 33. Rxc6
Qxc6 34. Qxc6 Rxc6 35. Rb1 Bh6 36. h4 Kf8 37. Kh3 Rxc3 38. Kg4 Rc6 39. Rb2 f5+
40. exf6 Rxf6 41. Rc2 Rf5 42. Rc8+ Kf7 43. Rc7+ Kg8 44. a4 Bf8 45. Rb7 Bc5
1/2-1/2

[Event "Skakligaen 2021-22"]
[Site "Denmark"]
[Date "2022.02.27"]
[Round "7.5"]
[White "Ramsdal, Jens Albert"]
[Black "Carstensen, Jacob"]
[Result "1/2-1/2"]
[WhiteElo "2289"]
[BlackElo "2361"]
[PlyCount "190"]
[EventDate "2021.10.30"]
[EventType "team-tourn"]
[EventRounds "9"]
[EventCountry "DEN"]
[SourceTitle "Turneringssystemet"]
[WhiteTeam "SK1968"]
[BlackTeam "Bronshoj"]

1. d4 Nf6 2. c4 e6 3. Nc3 Bb4 4. Qc2 O-O 5. Nf3 c5 6. dxc5 Na6 7. g3 Nxc5 8.
Bg2 Nce4 9. O-O Nxc3 10. bxc3 Bc5 11. e4 d6 12. e5 dxe5 13. Nxe5 Nd7 14. Rd1
Qc7 15. Nxd7 Bxd7 16. Bf4 Qc8 17. Bd6 Bxd6 18. Rxd6 Be8 19. Qd3 Qc7 20. c5 Qxc5
21. Bxb7 Rb8 22. Bf3 Rc8 23. Rb1 Qxc3 24. Kg2 Qc5 25. Rb7 a5 26. Qd4 g6 27. Ra7
Qxd4 28. Rxd4 Rc5 29. h4 Bb5 30. h5 Kg7 31. a4 Bc4 32. Rdd7 Bb3 33. Rdc7 Rxc7
34. Rxc7 Bxa4 35. Ra7 Rd8 36. Rxa5 Bb3 37. hxg6 hxg6 38. Ra3 Bd5 39. g4 Kf6 40.
Kg3 Ke5 41. Re3+ Kd6 42. Kf4 f6 43. Ra3 g5+ 44. Kg3 Rb8 45. Ra6+ Ke5 46. Ra3
Rb4 47. Re3+ Kd6 48. Ra3 Kc5 49. Rc3+ Kd4 50. Ra3 Rb6 51. Be2 Rb2 52. Rd3+ Kc5
53. Rc3+ Kb4 54. Re3 Rc2 55. Bd3 Rc3 56. Bb1 Rc1 57. Be4 Rg1+ 58. Kf3 Kc4 59.
Bxd5+ Kxd5 60. Rd3+ Ke5 61. Re3+ Kd6 62. Rd3+ Ke7 63. Ra3 Kf7 64. Ra7+ Kg6 65.
Ra6 Re1 66. Rb6 e5 67. Rb4 Ra1 68. Rb3 Ra4 69. Kg3 Rf4 70. f3 Kf7 71. Ra3 Ke6
72. Ra6+ Kd5 73. Ra5+ Kc4 74. Ra4+ Kb3 75. Ra6 Kb4 76. Rb6+ Kc5 77. Ra6 f5 78.
Ra5+ Kd6 79. Ra6+ Kd7 80. Ra7+ Kc6 81. Ra6+ Kb5 82. Re6 e4 83. Re5+ Kc4 84.
Rxf5 Rxf3+ 85. Rxf3 exf3 86. Kxf3 Kd3 87. Kf2 Ke4 88. Kf1 Kf3 89. Kg1 Kxg4 90.
Kg2 Kf4 91. Kf2 g4 92. Kg2 g3 93. Kg1 Kf3 94. Kf1 g2+ 95. Kg1 Kg3 1/2-1/2

[Event "Skakligaen 2021-22"]
[Site "Denmark"]
[Date "2022.02.27"]
[Round "7.6"]
[White "Palm, Nikolaj"]
[Black "Hansen, Lars"]
[Result "1-0"]
[WhiteElo "2281"]
[BlackElo "2188"]
[PlyCount "119"]
[EventDate "2021.10.30"]
[EventType "team-tourn"]
[EventRounds "9"]
[EventCountry "DEN"]
[SourceTitle "Turneringssystemet"]
[WhiteTeam "Bronshoj"]
[BlackTeam "SK1968"]

1. d4 e6 2. Nf3 Nf6 3. e3 b6 4. Bd3 Bb7 5. Nbd2 c5 6. O-O Nc6 7. Re1 d5 8. b3
cxd4 9. exd4 Rc8 10. a3 g6 11. Bb2 Bg7 12. Ne5 O-O 13. Qf3 Nxe5 14. dxe5 Nd7
15. b4 Qg5 16. Qe3 Qxe3 17. Rxe3 Nb8 18. Nb3 Nc6 19. f4 Rfd8 20. Nd4 Bh6 21.
Rf1 Bf8 22. Nxc6 Bxc6 23. Bd4 Ba4 24. c3 Bb3 25. Rf2 Rd7 26. g4 Rdc7 27. Bb1
Be7 28. Kg2 b5 29. Kg3 a6 30. h4 Kh8 31. Rh2 h5 32. Rh1 Ra8 33. Bd3 Bc4 34. Bc2
Rg8 35. Bd1 Rg7 36. Kf2 Rc8 37. Rg3 Rcg8 38. Ke3 hxg4 39. Bxg4 Rh7 40. Rgh3 Kg7
41. h5 gxh5 42. Rxh5 Rxh5 43. Bxh5 Rh8 44. f5 Bg5+ 45. Kf2 Rh6 46. f6+ Kf8 47.
Be3 Bxe3+ 48. Kxe3 Bb3 49. Bf3 Rxh1 50. Bxh1 Bc2 51. Bf3 Ke8 52. Kd4 Bh7 53.
Kc5 Kd7 54. Kb6 Bg6 55. Kxa6 Bd3 56. Kb6 Bc4 57. Bd1 Ke8 58. a4 bxa4 59. Bxa4+
Kd8 60. Ka7 1-0

[Event "Skakligaen 2021-22"]
[Site "Denmark"]
[Date "2022.02.27"]
[Round "7.7"]
[White "Christensen, Thomas K"]
[Black "Greger, Roland Reinhard"]
[Result "1/2-1/2"]
[WhiteElo "2197"]
[BlackElo "2277"]
[PlyCount "81"]
[EventDate "2021.10.30"]
[EventType "team-tourn"]
[EventRounds "9"]
[EventCountry "DEN"]
[SourceTitle "Turneringssystemet"]
[WhiteTeam "SK1968"]
[BlackTeam "Bronshoj"]

1. d4 Nf6 2. Bf4 d6 3. e3 g6 4. h3 Bg7 5. Nf3 c5 6. c3 Qb6 7. Qc1 O-O 8. Nbd2
Bf5 9. Be2 cxd4 10. exd4 Nc6 11. O-O Rac8 12. Nc4 Qd8 13. Ne3 Be6 14. Qd2 Nd5
15. Nxd5 Bxd5 16. Rfd1 Qa5 17. Bh6 Rfd8 18. h4 e5 19. h5 f6 20. Bxg7 Kxg7 21.
h6+ Kg8 22. Qe3 Bf7 23. dxe5 dxe5 24. Nd2 Qc7 25. Ne4 Qe7 26. g3 b6 27. Ba6
Rxd1+ 28. Rxd1 Rd8 29. Rxd8+ Nxd8 30. b3 Be6 31. Qd3 Nf7 32. Bc4 f5 33. Bxe6
Qxe6 34. Ng5 Nxg5 35. Qd8+ Kf7 36. Qxg5 Qd5 37. Qe3 Ke6 38. c4 Qd1+ 39. Kg2 Qc2
40. Qf3 Kf6 41. Qd5 1/2-1/2

[Event "Skakligaen 2021-22"]
[Site "Denmark"]
[Date "2022.02.27"]
[Round "7.8"]
[White "Laursen, Niels Norskov"]
[Black "Krejci, Martin"]
[Result "1/2-1/2"]
[WhiteElo "2195"]
[BlackElo "2050"]
[PlyCount "46"]
[EventDate "2021.10.30"]
[EventType "team-tourn"]
[EventRounds "9"]
[EventCountry "DEN"]
[SourceTitle "Turneringssystemet"]
[WhiteTeam "Bronshoj"]
[BlackTeam "SK1968"]

1. e4 c5 2. Nf3 d6 3. d4 cxd4 4. Nxd4 Nf6 5. Nc3 a6 6. Be2 e6 7. O-O Be7 8. f4
Qc7 9. Be3 Nc6 10. a4 O-O 11. Kh1 Bd7 12. Nb3 b6 13. Bf3 Rad8 14. Qe2 Bc8 15.
Rad1 Bb7 16. Qf2 Nd7 17. Nc1 Na5 18. N1e2 Nc4 19. Bc1 Nf6 20. b3 Na5 21. Be3
Nd7 22. Bc1 Nf6 23. Be3 Nd7 1/2-1/2

[Event "Skakligaen 2021-22"]
[Site "Denmark"]
[Date "2022.02.27"]
[Round "7.1"]
[White "Skytte, Rasmus"]
[Black "Fries Nielsen, Jens Ove"]
[Result "1/2-1/2"]
[WhiteElo "2378"]
[BlackElo "2378"]
[PlyCount "45"]
[EventDate "2021.10.30"]
[EventType "team-tourn"]
[EventRounds "9"]
[EventCountry "DEN"]
[SourceTitle "Turneringssystemet"]
[WhiteTeam "AarhusSkolerne"]
[BlackTeam "Fredericia"]

1. e4 c5 2. c3 e6 3. d4 d5 4. exd5 exd5 5. Nf3 Nc6 6. Be3 c4 7. b3 cxb3 8. axb3
Bd6 9. Be2 Nge7 10. O-O O-O 11. Na3 Nf5 12. Bg5 f6 13. Bc1 Re8 14. Nb5 Bb8 15.
c4 Kh8 16. Bb2 Be6 17. Re1 Bf7 18. Bd3 Rxe1+ 19. Qxe1 Nce7 20. Ba3 a6 21. Nc3
Bd6 22. Bxd6 Qxd6 23. c5 1/2-1/2

[Event "Skakligaen 2021-22"]
[Site "Denmark"]
[Date "2022.02.27"]
[Round "7.2"]
[White "Light, Bjarne"]
[Black "Sorensen, Jan"]
[Result "1/2-1/2"]
[WhiteElo "2234"]
[BlackElo "2369"]
[PlyCount "127"]
[EventDate "2021.10.30"]
[EventType "team-tourn"]
[EventRounds "9"]
[EventCountry "DEN"]
[SourceTitle "Turneringssystemet"]
[WhiteTeam "Fredericia"]
[BlackTeam "AarhusSkolerne"]

1. d4 Nf6 2. Nc3 c5 3. e3 g6 4. h3 b6 5. Nf3 Bg7 6. g4 Bb7 7. Bg2 h5 8. g5 Ne4
9. Nxe4 Bxe4 10. c3 d5 11. O-O Nd7 12. a4 O-O 13. a5 b5 14. a6 Rc8 15. h4 Rc6
16. Bh3 e6 17. Ne1 c4 18. Nc2 Bxc2 19. Qxc2 Nb8 20. b3 Qc7 21. bxc4 bxc4 22.
Bg2 Rxa6 23. Rxa6 Nxa6 24. e4 Qa5 25. exd5 exd5 26. Bf4 Rd8 27. Rb1 Nc7 28. Rb7
Ne6 29. Bg3 Bf8 30. Bh3 Qa6 31. Qb1 Re8 32. Rd7 Qa5 33. Qc2 Ng7 34. Bg2 Rd8 35.
Rxd8 Qxd8 36. Qa4 Bd6 37. Bxd6 Qxd6 38. Qxa7 Nf5 39. Qa8+ Kg7 40. Qxd5 Qa3 41.
Qe5+ Kg8 42. Bd5 Nd6 43. Qf6 Kf8 44. Kg2 Ke8 45. Bc6+ Kf8 46. Qd8+ Kg7 47. Qe7
Kg8 48. Bd5 Qa6 49. Qf6 Kh7 50. Kh2 Qa2 51. Qxd6 Qxf2+ 52. Kh3 Qf5+ 53. Kg2
Qc2+ 54. Kg3 Qxc3+ 55. Bf3 Qe1+ 56. Kg2 Qd2+ 57. Kg3 Qe1+ 58. Kg2 Qd2+ 59. Kh3
c3 60. Qf6 Kg8 61. Bd5 Qe3+ 62. Kg2 Qe2+ 63. Kg1 Qe1+ 64. Kg2 1/2-1/2

[Event "Skakligaen 2021-22"]
[Site "Denmark"]
[Date "2022.02.27"]
[Round "7.3"]
[White "Vinter Schou, Uffe"]
[Black "Schwarz, Frank"]
[Result "1-0"]
[WhiteElo "2297"]
[BlackElo "2224"]
[PlyCount "77"]
[EventDate "2021.10.30"]
[EventType "team-tourn"]
[EventRounds "9"]
[EventCountry "DEN"]
[SourceTitle "Turneringssystemet"]
[WhiteTeam "AarhusSkolerne"]
[BlackTeam "Fredericia"]

1. e4 c5 2. Nf3 Nf6 3. e5 Nd5 4. b3 g6 5. h4 h6 6. Bc4 Nc7 7. Nc3 Bg7 8. Bb2 a6
9. a4 Nc6 10. Qe2 Nb4 11. d4 cxd4 12. Ne4 b5 13. axb5 axb5 14. Rxa8 bxc4 15.
Ra4 d3 16. cxd3 Nxd3+ 17. Kf1 Nxb2 18. Qxb2 cxb3 19. Qxb3 Ne6 20. Kg1 O-O 21.
Qb8 d5 22. exd6 f5 23. dxe7 Qxe7 24. Ra7 Bd7 25. Qd6 Qxd6 26. Nxd6 Bc6 27. Ra6
Bd5 28. Ra5 Bxf3 29. gxf3 Rd8 30. Nc4 Rd4 31. Ne5 Kh7 32. h5 g5 33. Ng6 f4 34.
Kg2 g4 35. fxg4 Ng5 36. Re1 f3+ 37. Kg3 Ne4+ 38. Kxf3 Nf6 39. Re7 1-0

[Event "Skakligaen 2021-22"]
[Site "Denmark"]
[Date "2022.02.27"]
[Round "7.5"]
[White "Boe, Mads"]
[Black "Pedersen, Daniel Vesterbaek"]
[Result "1/2-1/2"]
[WhiteElo "2243"]
[BlackElo "2139"]
[PlyCount "43"]
[EventDate "2021.10.30"]
[EventType "team-tourn"]
[EventRounds "9"]
[EventCountry "DEN"]
[SourceTitle "Turneringssystemet"]
[WhiteTeam "AarhusSkolerne"]
[BlackTeam "Fredericia"]

1. d4 Nf6 2. Nf3 e6 3. Bg5 h6 4. Bh4 d6 5. e3 g5 6. Bg3 Nh5 7. Bd3 Bg7 8. Nbd2
Nc6 9. c3 Bd7 10. Ng1 Nxg3 11. hxg3 Qe7 12. Ne2 h5 13. Qc2 O-O-O 14. O-O-O Kb8
15. Kb1 f5 16. e4 d5 17. e5 Rc8 18. Nf3 Nd8 19. b4 b6 20. Qd2 g4 21. Nh4 Qe8
22. Ka1 1/2-1/2

[Event "Skakligaen 2021-22"]
[Site "Denmark"]
[Date "2022.02.27"]
[Round "7.6"]
[White "Guindy, Esmat Susanne"]
[Black "Ochsner, Thomas"]
[Result "1/2-1/2"]
[WhiteElo "2113"]
[BlackElo "2260"]
[PlyCount "110"]
[EventDate "2021.10.30"]
[EventType "team-tourn"]
[EventRounds "9"]
[EventCountry "DEN"]
[SourceTitle "Turneringssystemet"]
[WhiteTeam "Fredericia"]
[BlackTeam "AarhusSkolerne"]

1. d4 Nf6 2. c4 e6 3. Nf3 b6 4. g3 Bb7 5. Bg2 Be7 6. Nc3 O-O 7. O-O Ne4 8. Qc2
Nxc3 9. Qxc3 c5 10. Be3 Qc7 11. Rfd1 d6 12. Rac1 Nd7 13. Qd3 cxd4 14. Nxd4 Bxg2
15. Kxg2 a6 16. f3 Rac8 17. b3 Rfd8 18. Qd2 Qb7 19. Bg5 Nf6 20. e4 b5 21. Qd3
bxc4 22. Rxc4 Rxc4 23. Qxc4 Rc8 24. Qf1 h6 25. Be3 d5 26. e5 Nd7 27. f4 Bc5 28.
Rc1 Bb6 29. Qd1 Nc5 30. Qg4 g6 31. f5 exf5 32. Qf4 Nd3 33. Rxc8+ Qxc8 34. Qf1
Nxe5 35. Nxf5 Qc2+ 36. Kh3 Bxe3 37. Nxe3 Qe4 38. Qf4 Nd3 39. Qxe4 dxe4 40. g4
Nc1 41. Kg3 Nxa2 42. Nd5 Nc1 43. b4 Nd3 44. h4 Kf8 45. g5 h5 46. Kg2 Ne1+ 47.
Kg3 Nd3 48. Kg2 Nxb4 49. Nxb4 a5 50. Nd5 a4 51. Kg3 a3 52. Nc3 f5 53. gxf6 Kf7
54. Kf4 Kxf6 55. Nxe4+ Ke6 1/2-1/2

[Event "Skakligaen 2021-22"]
[Site "Denmark"]
[Date "2022.02.27"]
[Round "7.7"]
[White "Rendboe, John Filip"]
[Black "Easwaralingam, Adesh"]
[Result "1/2-1/2"]
[WhiteElo "2186"]
[BlackElo "2136"]
[PlyCount "59"]
[EventDate "2021.10.30"]
[EventType "team-tourn"]
[EventRounds "9"]
[EventCountry "DEN"]
[SourceTitle "Turneringssystemet"]
[WhiteTeam "AarhusSkolerne"]
[BlackTeam "Fredericia"]

1. d4 Nf6 2. c4 e6 3. Nc3 Bb4 4. e3 O-O 5. Bd3 d5 6. Nf3 c5 7. O-O cxd4 8. exd4
dxc4 9. Bxc4 b6 10. a3 Bxc3 11. bxc3 Qc7 12. Qd3 Nbd7 13. Re1 Bb7 14. Ba2 Rac8
15. Bb2 Nd5 16. c4 Nf4 17. Qe3 Rfe8 18. Rad1 Nf6 19. d5 Ng6 20. d6 Qd7 21. Bb1
Bxf3 22. Qxf3 Rxc4 23. Bd3 Rc5 24. a4 Qxa4 25. Bxf6 gxf6 26. Qxf6 Qd7 27. Be4
Rec8 28. g3 Qd8 29. Qb2 Qf8 30. h4 1/2-1/2

[Event "Skakligaen 2021-22"]
[Site "Denmark"]
[Date "2022.02.27"]
[Round "7.8"]
[White "Madsen, Michael Baehring"]
[Black "Hagen, Kresten Skytte"]
[Result "1-0"]
[WhiteElo "2046"]
[BlackElo "2173"]
[PlyCount "91"]
[EventDate "2021.10.30"]
[EventType "team-tourn"]
[EventRounds "9"]
[EventCountry "DEN"]
[SourceTitle "Turneringssystemet"]
[WhiteTeam "Fredericia"]
[BlackTeam "AarhusSkolerne"]

1. d4 Nf6 2. Nf3 e6 3. g3 c5 4. Bg2 a6 5. O-O Nc6 6. c4 cxd4 7. Nxd4 Be7 8. Nc3
O-O 9. b3 Qc7 10. Bb2 d6 11. Rc1 Nxd4 12. Qxd4 Rd8 13. Na4 Bd7 14. Nb6 Rab8 15.
Nxd7 Rxd7 16. Rfd1 Rbd8 17. Qd2 Qc5 18. b4 Qf5 19. Bxf6 Qxf6 20. c5 d5 21. c6
Rc7 22. cxb7 Rxb7 23. a3 Rb6 24. Rc3 h5 25. Rdc1 h4 26. Rc8 hxg3 27. hxg3 Kh7
28. Bf3 Rxc8 29. Rxc8 Qa1+ 30. Qc1 Qxc1+ 31. Rxc1 Kg6 32. Rc7 Kf6 33. Ra7 Bd6
34. e3 Be5 35. Be2 Bb2 36. a4 Bc3 37. Bxa6 Rxb4 38. Bb5 d4 39. Be8 d3 40. Rxf7+
Ke5 41. Rd7 d2 42. Kg2 Rxa4 43. Bh5 Ra1 44. f4+ Ke4 45. Kf2 Re1 46. Bg6# 1-0

[Event "Skakligaen 2021-22"]
[Site "Denmark"]
[Date "2022.02.27"]
[Round "7.1"]
[White "Bjerre, Jonas Buhl"]
[Black "Rasmussen, Allan Stig"]
[Result "1-0"]
[WhiteElo "2586"]
[BlackElo "2566"]
[PlyCount "35"]
[EventDate "2021.10.30"]
[EventType "team-tourn"]
[EventRounds "9"]
[EventCountry "DEN"]
[SourceTitle "Turneringssystemet"]
[WhiteTeam "Skanderborg"]
[BlackTeam "Jetsmark"]

1. d4 d5 2. c4 dxc4 3. Nf3 Nf6 4. e3 e6 5. Bxc4 c5 6. Nc3 a6 7. e4 b5 8. Bb3
cxd4 9. Nxd4 Bb7 10. e5 Ne4 11. Nxe4 Bxe4 12. O-O Bc5 13. Qg4 Bg6 14. Nxe6 fxe6
15. Qxe6+ Be7 16. Rd1 Nd7 17. Bg5 Ra7 18. Rac1 1-0

[Event "Skakligaen 2021-22"]
[Site "Denmark"]
[Date "2022.02.27"]
[Round "7.2"]
[White "Jensen, Bjarke"]
[Black "Andersen, Mads"]
[Result "1/2-1/2"]
[WhiteElo "2349"]
[BlackElo "2572"]
[PlyCount "88"]
[EventDate "2021.10.30"]
[EventType "team-tourn"]
[EventRounds "9"]
[EventCountry "DEN"]
[SourceTitle "Turneringssystemet"]
[WhiteTeam "Jetsmark"]
[BlackTeam "Skanderborg"]

1. e4 e5 2. Nf3 Nc6 3. Bb5 a6 4. Ba4 Nf6 5. O-O b5 6. Bb3 Bc5 7. c3 d6 8. d4
Bb6 9. dxe5 Nxe5 10. Nxe5 dxe5 11. Qxd8+ Kxd8 12. Bg5 Ke7 13. Nd2 h6 14. Bh4
Be6 15. Nf3 Bxb3 16. axb3 Ke6 17. Bxf6 Kxf6 18. Rfd1 Rhd8 19. Kf1 a5 20. Ke2
Ke6 21. Ne1 g6 22. f3 f5 23. Rxd8 Rxd8 24. Nd3 h5 25. Re1 Kf6 26. Kd2 c5 27.
Kc2 c4 28. bxc4 bxc4 29. Nc1 f4 30. Rd1 Rxd1 31. Kxd1 Bg1 32. h3 Be3 33. b4 Bb6
34. Kc2 Ke6 35. Ne2 Kd6 36. bxa5 Bxa5 37. Nc1 Bb6 38. Na2 Ba5 39. Nb4 Kc5 40.
Nd5 Bd8 41. Kb2 Kb5 42. Ka3 Ka5 43. Kb2 Ka4 44. Ka2 Kb5 1/2-1/2

[Event "Skakligaen 2021-22"]
[Site "Denmark"]
[Date "2022.02.27"]
[Round "7.3"]
[White "Boe Olsen, Filip"]
[Black "Christensen, Stefan"]
[Result "1/2-1/2"]
[WhiteElo "2357"]
[BlackElo "2266"]
[PlyCount "78"]
[EventDate "2021.10.30"]
[EventType "team-tourn"]
[EventRounds "9"]
[EventCountry "DEN"]
[SourceTitle "Turneringssystemet"]
[WhiteTeam "Skanderborg"]
[BlackTeam "Jetsmark"]

1. d4 Nf6 2. c4 e6 3. Nc3 Bb4 4. e3 b6 5. Nge2 Ne4 6. Qc2 Bb7 7. a3 Bxc3+ 8.
Nxc3 Nxc3 9. Qxc3 O-O 10. Bd2 Qh4 11. Qd3 d6 12. Qe2 a5 13. O-O-O a4 14. f3 Nc6
15. Be1 Qe7 16. Qc2 e5 17. Bd3 h6 18. Kb1 Qe8 19. Bc3 Na5 20. dxe5 dxe5 21. Bb4
c5 22. Bxa5 bxa5 23. Be4 Rb8 24. Rd6 Bxe4 25. fxe4 Rb3 26. Rd3 Qa8 27. Rhd1
Rfb8 28. Rxb3 Rxb3 29. Rd5 Qb7 30. Qf2 Qe7 31. Qf5 g6 32. Qc8+ Kg7 33. Rd7 Qh4
34. Rd8 Qxe4+ 35. Ka1 Rd3 36. Rxd3 Qxd3 37. Qxc5 Qd1+ 38. Ka2 Qb3+ 39. Ka1 Qd1+
1/2-1/2

[Event "Skakligaen 2021-22"]
[Site "Denmark"]
[Date "2022.02.27"]
[Round "7.4"]
[White "Rathlev, Jakob"]
[Black "Andersen, Jackie"]
[Result "0-1"]
[WhiteElo "2201"]
[BlackElo "2398"]
[PlyCount "82"]
[EventDate "2021.10.30"]
[EventType "team-tourn"]
[EventRounds "9"]
[EventCountry "DEN"]
[SourceTitle "Turneringssystemet"]
[WhiteTeam "Jetsmark"]
[BlackTeam "Skanderborg"]

1. Nf3 g6 2. d4 Bg7 3. c4 d6 4. Nc3 Nd7 5. e3 Ngf6 6. Be2 O-O 7. O-O e5 8. Qc2
Re8 9. Rd1 c6 10. b4 exd4 11. exd4 Nf8 12. h3 Bf5 13. Bd3 Bxd3 14. Qxd3 d5 15.
c5 Ne4 16. Re1 a5 17. bxa5 f5 18. Bf4 Qxa5 19. Ne2 Ne6 20. Be5 N6xc5 21. Qe3
Ne6 22. Bxg7 Kxg7 23. Nf4 Qc7 24. Nd3 b6 25. g4 Rf8 26. Rec1 c5 27. dxc5 bxc5
28. Nd4 N6g5 29. Nxc5 Qe5 30. Nc6 Qb2 31. Qd4+ Qxd4 32. Nxd4 Nxh3+ 33. Kh2
Nhxf2 34. Nce6+ Kf6 35. gxf5 Rfc8 36. Nc7 Rab8 37. Nxd5+ Ke5 38. Nc6+ Rxc6 39.
Rxc6 Kxd5 40. Rc7 gxf5 41. Rc2 Ng4+ 0-1

[Event "Skakligaen 2021-22"]
[Site "Denmark"]
[Date "2022.02.27"]
[Round "7.5"]
[White "Pedersen, Nicolai Vesterbaek"]
[Black "Grubert, Christian"]
[Result "1-0"]
[WhiteElo "2365"]
[BlackElo "2112"]
[PlyCount "57"]
[EventDate "2021.10.30"]
[EventType "team-tourn"]
[EventRounds "9"]
[EventCountry "DEN"]
[SourceTitle "Turneringssystemet"]
[WhiteTeam "Skanderborg"]
[BlackTeam "Jetsmark"]

1. d4 f5 2. Nc3 Nf6 3. Bg5 e6 4. e4 fxe4 5. Nxe4 Be7 6. Bxf6 Bxf6 7. Nf3 Nc6 8.
c3 Qe7 9. Bd3 b6 10. g4 g6 11. Qe2 Bb7 12. O-O-O O-O-O 13. h4 Rhf8 14. Rde1
Rde8 15. Rh3 Kb8 16. Kb1 Bg7 17. h5 d5 18. Neg5 gxh5 19. gxh5 Bh6 20. Rg3 e5
21. dxe5 Bxg5 22. Nxg5 Nxe5 23. Nxh7 Rh8 24. Re3 Ba6 25. Bxa6 Qxh7+ 26. Bd3
Nxd3 27. Rxe8+ Rxe8 28. Qxe8+ Kb7 29. Qg6 1-0

[Event "Skakligaen 2021-22"]
[Site "Denmark"]
[Date "2022.02.27"]
[Round "7.6"]
[White "Rasmussen, Henning Lau"]
[Black "Brondt, Nicolai Kvist"]
[Result "0-1"]
[WhiteElo "2159"]
[BlackElo "2217"]
[PlyCount "80"]
[EventDate "2021.10.30"]
[EventType "team-tourn"]
[EventRounds "9"]
[EventCountry "DEN"]
[SourceTitle "Turneringssystemet"]
[WhiteTeam "Jetsmark"]
[BlackTeam "Skanderborg"]

1. d4 Nf6 2. c4 c6 3. Nf3 d5 4. e3 e6 5. Nbd2 c5 6. a3 cxd4 7. exd4 Be7 8. c5
a5 9. Ne5 O-O 10. Bb5 Bd7 11. Nxd7 Nbxd7 12. f4 Ne4 13. Qa4 Ndf6 14. Nf3 Qc7
15. Ne5 Rac8 16. Be3 h5 17. Qd1 b6 18. c6 Nd6 19. Ba6 Ra8 20. Be2 Nf5 21. Bf2
g6 22. Rc1 Kg7 23. Qd3 Ne4 24. g3 Rfd8 25. h3 f6 26. g4 Nfd6 27. gxh5 fxe5 28.
Rg1 Nf5 29. Rxg6+ Kf7 30. Bg4 Nxf2 31. Kxf2 e4 32. Qc3 Qxf4+ 33. Kg1 Bd6 34.
Rc2 e3 35. Bxf5 Qxf5 36. Qxe3 Bf4 37. Qe2 Rg8 38. Rg4 Rxg4+ 39. hxg4 Rg8 40.
Kh1 Rxg4 0-1

[Event "Skakligaen 2021-22"]
[Site "Denmark"]
[Date "2022.02.27"]
[Round "7.7"]
[White "Berg, Klaus"]
[Black "Luther, Lasse"]
[Result "1/2-1/2"]
[WhiteElo "2287"]
[BlackElo "2093"]
[PlyCount "39"]
[EventDate "2021.10.30"]
[EventType "team-tourn"]
[EventRounds "9"]
[EventCountry "DEN"]
[SourceTitle "Turneringssystemet"]
[WhiteTeam "Skanderborg"]
[BlackTeam "Jetsmark"]

1. c4 e6 2. Nc3 d5 3. d4 Nf6 4. cxd5 exd5 5. Bg5 c6 6. Qc2 Be7 7. e3 Nbd7 8.
Bd3 h6 9. Bh4 Nh5 10. Bxe7 Qxe7 11. Nge2 Nb6 12. O-O-O Bd7 13. Kb1 O-O-O 14.
Ka1 Kb8 15. Rb1 Qg5 16. Ng3 Nxg3 17. hxg3 h5 18. Rh4 Qe7 19. Rbh1 g6 20. a3
1/2-1/2

[Event "Skakligaen 2021-22"]
[Site "Denmark"]
[Date "2022.02.27"]
[Round "7.8"]
[White "Hoffmann, Tobias Breinholt"]
[Black "Watson, Colin"]
[Result "0-1"]
[WhiteElo "2081"]
[BlackElo "1908"]
[PlyCount "96"]
[EventDate "2021.10.30"]
[EventType "team-tourn"]
[EventRounds "9"]
[EventCountry "DEN"]
[SourceTitle "Turneringssystemet"]
[WhiteTeam "Jetsmark"]
[BlackTeam "Skanderborg"]

1. e4 c5 2. Nf3 a6 3. d3 Nc6 4. g3 g6 5. Bg2 Bg7 6. O-O d6 7. c3 Nf6 8. Re1 e5
9. a4 O-O 10. Nbd2 Rb8 11. Nf1 h6 12. h3 Bd7 13. Be3 b6 14. N3h2 Qc8 15. g4 b5
16. axb5 axb5 17. Qd2 Kh7 18. f4 exf4 19. Bxf4 Ne5 20. Nf3 Ng8 21. Ng3 Ne7 22.
Rac1 N7c6 23. Nxe5 dxe5 24. Be3 Na5 25. Qf2 Nb3 26. Rcd1 Be6 27. Ne2 Rd8 28.
Nc1 Rb7 29. Nxb3 Bxb3 30. Rd2 Rc7 31. Ra1 Rd6 32. Ra5 Rb6 33. Ra3 Be6 34. Ra5
Rbb7 35. Rd1 b4 36. Rxc5 Rxc5 37. Bxc5 bxc3 38. bxc3 Rc7 39. d4 exd4 40. cxd4
Bb3 41. Rd2 Qa6 42. Bf3 Qa1+ 43. Kg2 Qc3 44. Bb6 Rb7 45. Bc5 Rc7 46. Bd1 Bxd1
47. Rxd1 Rb7 48. Rd2 Rb3 0-1